000 00494pab a2200169 454500
008 180718b2012 xxu||||| |||| 00| 0 eng d
100 _aGrimmelikhuijsen, Stephan G.
245 _aDeveloping and testing a theoretical framework for computer - mediated transparency of local governments
260 _c2012
300 _ap.562-571.
362 _aJul-Aug
650 _aLocal government
700 _aWelch, Eric W.
773 _aPublic Administration Review
908 _aN
909 _a97217
999 _c97217
_d97217